[Event "4NCL/Div2/MIN1 vs. NWE2"]
[Site "West Bromwich ENG"]
[Date "2005.04.30"]
[Round "9.8"]
[White "Milligan, Helen"]
[Black "Horton, Justin"]
[Result "0-1"]
[WhiteElo "2072"]
[BlackElo "2096"]
[PlyCount "90"]
[EventDate "2005.04.30"]
[SourceDate "2004.09.21"]

1. e4 e5 2. Nf3 Nc6 3. d4 exd4 4. Nxd4 Bc5 5. Nxc6 Qf6 6. Qd2 dxc6 7. Nc3 Bd4
8. Bd3 Be6 9. O-O O-O-O 10. Qe2 Nh6 11. Be3 Ng4 12. Bxd4 Qxd4 13. h3 Ne5 14.
Rad1 g5 15. Qe3 Qxe3 16. fxe3 g4 17. hxg4 Bxg4 18. Be2 Bxe2 19. Nxe2 Rxd1 20.
Rxd1 Ng4 21. c3 Rd8 22. Rxd8+ Kxd8 23. Nc1 Nxe3 24. Nd3 Ng4 25. g3 Ke7 26. Kg2
Kd6 27. Kf1 Ne5 28. Nf2 h5 29. Ke2 c5 30. Nh3 Ng6 31. Ke3 h4 32. gxh4 Nxh4 33.
Nf2 b5 34. b3 Ng6 35. Nd3 Ne5 36. Nb2 a5 37. Ke2 b4 38. Na4 c4 39. Ke3 c5 40.
Kd2 Nf3+ 41. Ke3 Ne5 42. Kd2 Kc6 43. cxb4 cxb4 44. bxc4 Nxc4+ 45. Kc2 Kb5 0-1

[Event "4NCL/Div2/SWD1 vs. BAR2"]
[Site "West Bromwich ENG"]
[Date "2005.04.30"]
[Round "9.1"]
[White "Cooper, John G"]
[Black "Rogers, Jonathan W"]
[Result "0-1"]
[WhiteElo "2346"]
[BlackElo "2340"]
[PlyCount "71"]
[EventDate "2005.04.30"]
[SourceDate "2004.09.21"]

1. d4 Nf6 2. c4 e6 3. Nc3 Bb4 4. e3 O-O 5. Bd3 d5 6. Nf3 dxc4 7. Bxc4 Nc6 8.
O-O Qe7 9. e4 Bxc3 10. bxc3 Nxe4 11. Re1 f5 12. d5 Na5 13. Bf1 Qc5 14. dxe6
Qxf2+ 15. Kh1 Bxe6 16. Be3 Qxe3 17. Rxe3 Nf2+ 18. Kg1 Nxd1 19. Rxe6 Rad8 20.
Re5 b6 21. Ng5 Rd7 22. c4 c5 23. Ne6 Re8 24. Rd5 Rxd5 25. cxd5 Ne3 26. Bb5 Re7
27. Nf4 Re4 28. g3 g5 29. Ne6 h6 30. Bd3 Re5 31. Re1 c4 32. Bc2 Kf7 33. Nc7 Ke7
34. Nb5 a6 35. Nd4 Kd7 36. Nxf5 0-1

[Event "4NCL/Div2/SWD1 vs. BAR2"]
[Site "West Bromwich ENG"]
[Date "2005.04.30"]
[Round "9.2"]
[White "Berry, Neil"]
[Black "Jones, Richard S"]
[Result "0-1"]
[WhiteElo "2257"]
[BlackElo "2320"]
[PlyCount "96"]
[EventDate "2005.04.30"]
[SourceDate "2004.09.21"]

1. d4 Nf6 2. c4 g6 3. Nc3 Bg7 4. e4 O-O 5. Nf3 d6 6. Be2 e5 7. Be3 Ng4 8. Bg5
f6 9. Bh4 Nd7 10. d5 Nh6 11. Nd2 a5 12. O-O g5 13. Bg3 f5 14. exf5 Nxf5 15.
Nde4 h6 16. a3 Nf6 17. Nxf6+ Qxf6 18. Ne4 Qe7 19. Rc1 b6 20. b4 axb4 21. axb4
Nd4 22. Bg4 Ra2 23. Bxc8 Rxc8 24. Ra1 Rca8 25. Rxa2 Rxa2 26. Qd3 Qf7 27. f3 g4
28. Nd2 gxf3 29. Nxf3 Ne2+ 30. Kh1 Qh5 31. Nh4 Bf6 32. Qf5 Nxg3+ 33. hxg3 Qxf5
34. Nxf5 Bg5 35. Re1 Rc2 36. Re4 Kf7 37. Nh4 Kf6 38. Nf3 Kf5 39. Nxg5 hxg5 40.
Re3 Rxc4 41. Kg1 Rxb4 42. Rc3 Rd4 43. Rxc7 Rxd5 44. Rc6 b5 45. Kf2 b4 46. Rb6
Rd4 47. Ke3 Kg4 48. Kf2 d5 0-1

[Event "4NCL/Div2/SWD1 vs. BAR2"]
[Site "West Bromwich ENG"]
[Date "2005.04.30"]
[Round "9.3"]
[White "Dineley, Richard D P"]
[Black "Taylor, Martin R"]
[Result "0-1"]
[WhiteElo "2299"]
[BlackElo "2308"]
[PlyCount "82"]
[EventDate "2005.04.30"]
[SourceDate "2004.09.21"]

1. e4 e5 2. Nf3 Nc6 3. Bb5 a6 4. Ba4 Nf6 5. O-O b5 6. Bb3 Be7 7. Re1 d6 8. c3
O-O 9. h3 Nd7 10. d4 Bf6 11. a4 Bb7 12. Na3 Ne7 13. d5 Nc5 14. Bc2 c6 15. b4
Nxa4 16. Bxa4 bxa4 17. c4 g6 18. Bh6 Bg7 19. Qd2 Nc8 20. Rad1 cxd5 21. cxd5 Nb6
22. Be3 Bc8 23. Rc1 Bd7 24. Bxb6 Qxb6 25. Nc4 Qb8 26. Na5 Bb5 27. Nc6 Qb7 28.
Rc2 Rfc8 29. Rec1 Rc7 30. Rc3 Qb6 31. Ne1 Kh8 32. g3 Rac8 33. Ne7 Rxc3 34. Nxc8
Rxg3+ 35. Kh2 Bh6 36. Nxb6 Bxd2 37. Rc8+ Kg7 38. Kxg3 Bxe1 39. Rc1 Bxb4 40. Nc4
a3 41. Ne3 Bd3 0-1

[Event "4NCL/Div2/SWD1 vs. BAR2"]
[Site "West Bromwich ENG"]
[Date "2005.04.30"]
[Round "9.4"]
[White "Pritchett, Craig W"]
[Black "James, David J"]
[Result "1-0"]
[WhiteElo "2258"]
[BlackElo "2236"]
[PlyCount "41"]
[EventDate "2005.04.30"]
[SourceDate "2004.09.21"]

1. c4 e5 2. Nc3 Nc6 3. Nf3 d6 4. d4 Bg4 5. d5 Bxf3 6. gxf3 Nce7 7. f4 exf4 8.
Bxf4 Nf6 9. Qa4+ Qd7 10. Nb5 Kd8 11. h4 Nh5 12. Bh3 f5 13. Bg5 h6 14. Bxe7+
Bxe7 15. Qc2 g6 16. Nd4 Bf6 17. Ne6+ Ke7 18. O-O-O c6 19. e4 cxd5 20. exf5 g5
21. Qe2 1-0

[Event "4NCL/Div2/SWD1 vs. BAR2"]
[Site "West Bromwich ENG"]
[Date "2005.04.30"]
[Round "9.5"]
[White "Blackburn, Jonathan L B"]
[Black "Coleman, David"]
[Result "1-0"]
[WhiteElo "2179"]
[BlackElo "2256"]
[PlyCount "119"]
[EventDate "2005.04.30"]
[SourceDate "2004.09.21"]

1. d4 Nf6 2. c4 g6 3. Nc3 Bg7 4. e4 d6 5. f3 O-O 6. Be3 Nc6 7. Nge2 a6 8. Qd2
e5 9. d5 Na5 10. Nc1 c5 11. dxc6 Nxc6 12. Nb3 Be6 13. Rd1 b5 14. Nd5 bxc4 15.
Bxc4 Nxd5 16. Bxd5 Bxd5 17. Qxd5 Nb4 18. Qxd6 Nc2+ 19. Kf2 Nxe3 20. Qxd8 Rfxd8
21. Rxd8+ Rxd8 22. Kxe3 Bh6+ 23. Ke2 Rc8 24. Kd3 Kf8 25. h4 Ke7 26. g4 Bf4 27.
h5 Ke6 28. a4 Bg5 29. hxg6 hxg6 30. Rh2 Rd8+ 31. Kc4 Rc8+ 32. Kd3 Rd8+ 33. Kc2
Rc8+ 34. Kb1 Be7 35. Rc2 Rb8 36. Nc5+ Bxc5 37. Rxc5 Kd6 38. Rd5+ Ke6 39. Kc2
Rb6 40. b3 f5 41. gxf5+ gxf5 42. f4 Rc6+ 43. Kb2 exf4 44. Rxf5 f3 45. Rxf3 Ke5
46. Rc3 Rb6 47. Rc4 Rd6 48. a5 Rh6 49. Ka3 Rh8 50. Ka4 Rb8 51. b4 Rb7 52. Rc8
Re7 53. b5 axb5+ 54. Kxb5 Rb7+ 55. Kc6 Rb2 56. Re8+ Kf6 57. a6 Ra2 58. Kb7 Rb2+
59. Ka8 Rb1 60. a7 1-0

[Event "4NCL/Div2/SWD1 vs. BAR2"]
[Site "West Bromwich ENG"]
[Date "2005.04.30"]
[Round "9.6"]
[White "Lewis, Andrew P"]
[Black "Zeidler, Sven P"]
[Result "1/2-1/2"]
[WhiteElo "2254"]
[BlackElo "2190"]
[PlyCount "84"]
[EventDate "2005.04.30"]
[SourceDate "2004.09.21"]

1. c4 f5 2. g3 Nf6 3. Bg2 g6 4. d4 Bg7 5. Nh3 d6 6. Nc3 O-O 7. d5 Na6 8. Nf4 e5
9. dxe6 c6 10. O-O Nc5 11. b3 Qe7 12. Ba3 Bxe6 13. Qc2 g5 14. Nxe6 Qxe6 15.
Rad1 Rad8 16. e3 Ng4 17. Bb2 f4 18. exf4 gxf4 19. h3 Ne5 20. Rfe1 Qf6 21. Kh1
fxg3 22. fxg3 Qg5 23. Ne2 Ncd3 24. Rxd3 Nxd3 25. Qxd3 Bxb2 26. Nf4 Rde8 27. Ne6
Qf6 28. Qxd6 Ba3 29. Qxa3 Rxe6 30. Rf1 Qe7 31. Rxf8+ Kxf8 32. Qxa7 Re1+ 33. Kh2
Re2 34. Kh1 Re1+ 35. Kh2 Re2 36. Kh1 Qc7 37. Qc5+ Qe7 38. Qf5+ Kg7 39. Qg4+ Kf7
40. Qh5+ Kg7 41. Qg4+ Kf7 42. Qf5+ Kg7 1/2-1/2

[Event "4NCL/Div2/SWD1 vs. BAR2"]
[Site "West Bromwich ENG"]
[Date "2005.04.30"]
[Round "9.7"]
[White "Rayner, Francis"]
[Black "Taylor, Peter"]
[Result "1/2-1/2"]
[WhiteElo "2200"]
[BlackElo "2237"]
[PlyCount "51"]
[EventDate "2005.04.30"]
[SourceDate "2004.09.21"]

1. e4 c6 2. d4 d5 3. f3 g6 4. Nc3 Bg7 5. Be3 Qb6 6. Qd2 Qxb2 7. Rb1 Qa3 8. exd5
Nf6 9. dxc6 bxc6 10. Bc4 O-O 11. Nge2 Ba6 12. Qd3 Bxc4 13. Qxc4 Qa6 14. Qxa6
Nxa6 15. Rb7 Rfb8 16. Rxe7 Nb4 17. Bf4 Rd8 18. Bc7 Rdc8 19. Bd6 Nxc2+ 20. Kd2
Nxd4 21. Nxd4 Rd8 22. Bc5 Bf8 23. Rhe1 Nd5 24. Nxc6 Nxe7+ 25. Nxd8 Rxd8+ 26.
Kc2 1/2-1/2

[Event "4NCL/Div2/SWD1 vs. BAR2"]
[Site "West Bromwich ENG"]
[Date "2005.04.30"]
[Round "9.8"]
[White "Smith, Lucy"]
[Black "Blackburn, Sandra G"]
[Result "1/2-1/2"]
[WhiteElo "1905"]
[BlackElo "1760"]
[PlyCount "63"]
[EventDate "2005.04.30"]
[SourceDate "2004.09.21"]

1. d4 g6 2. c4 Bg7 3. Nc3 c6 4. Nf3 Nf6 5. e4 d6 6. Be2 O-O 7. O-O Bg4 8. h3
Bxf3 9. Bxf3 Nbd7 10. Be3 Rc8 11. Qe2 b6 12. Rac1 e5 13. d5 cxd5 14. cxd5 Nc5
15. b4 Nb7 16. Nb5 a6 17. Na7 Rxc1 18. Rxc1 a5 19. Nc6 Qa8 20. Bxb6 axb4 21.
Nxb4 Nd7 22. Be3 Nbc5 23. Nc6 Qa6 24. Bxc5 Nxc5 25. Rb1 Bh6 26. Kh2 Ra8 27. Rb2
Qa3 28. Rb8+ Rxb8 29. Nxb8 Bf4+ 30. g3 Bc1 31. Kg2 Bb2 32. Nc6 1/2-1/2

[Event "4NCL/Div2/WGR3 vs. WRO"]
[Site "West Bromwich ENG"]
[Date "2005.04.30"]
[Round "9.1"]
[White "Rechel, Bernd"]
[Black "Yepes, Eduardo"]
[Result "1-0"]
[WhiteElo "2408"]
[BlackElo "2283"]
[PlyCount "91"]
[EventDate "2005.04.30"]
[SourceDate "2004.09.21"]

1. e4 e6 2. d4 d5 3. exd5 exd5 4. Nf3 Bd6 5. c4 c6 6. Bd3 Ne7 7. O-O dxc4 8.
Bxc4 O-O 9. h3 Nd7 10. Bb3 c5 11. Ng5 Ng6 12. Nxh7 Kxh7 13. Qh5+ Kg8 14. Qxg6
Bb8 15. Bh6 Qf6 16. Qxf6 Nxf6 17. Be3 cxd4 18. Bxd4 Rd8 19. Rd1 Bf5 20. Nc3 Bd6
21. Nb5 Be7 22. Be5 Ne4 23. Nc7 Rac8 24. Nd5 Bf8 25. Ne3 Bg6 26. Bd5 Nc5 27.
Bd4 b6 28. Bc4 Ne4 29. Ba6 Rc7 30. Be5 Rcd7 31. Bc7 Rxd1+ 32. Rxd1 Rxd1+ 33.
Nxd1 Bd6 34. Bxd6 Nxd6 35. Nc3 Kf8 36. Kf1 Ke7 37. Ke2 f6 38. g4 Bf7 39. Kd3 g5
40. Kd4 f5 41. Nd5+ Ke6 42. Bd3 fxg4 43. hxg4 Ne8 44. Bc4 Kd6 45. Nxb6 Bg6 46.
Nc8+ 1-0

[Event "4NCL/Div2/WGR3 vs. WRO"]
[Site "West Bromwich ENG"]
[Date "2005.04.30"]
[Round "9.2"]
[White "Gayson, Peter M"]
[Black "Bellon Lopez, Juan M"]
[Result "0-1"]
[WhiteElo "2234"]
[BlackElo "2408"]
[PlyCount "116"]
[EventDate "2005.04.30"]
[SourceDate "2004.09.21"]

1. e4 c5 2. Nf3 e6 3. d4 cxd4 4. Nxd4 Nf6 5. Nc3 Qb6 6. Nb3 Bb4 7. Bd3 d6 8.
Bd2 Bxc3 9. Bxc3 e5 10. Qe2 O-O 11. f3 Be6 12. O-O-O Qc7 13. g4 a5 14. Kb1 a4
15. Nd2 a3 16. Bc4 axb2 17. Bxe6 Qxc3 18. Bb3 Nc6 19. Qd3 Qxd3 20. cxd3 Nd4 21.
Kxb2 Nd7 22. Nc4 Ra6 23. Ne3 Nc5 24. Nf5 Ndxb3 25. axb3 Rb6 26. d4 Rxb3+ 27.
Kc2 exd4 28. Nxd4 Ra3 29. Ra1 Rfa8 30. Rxa3 Rxa3 31. Rb1 g6 32. h4 Ra2+ 33. Kc3
Rh2 34. Kc4 Kf8 35. Kd5 Rd2 36. Kc4 Ke7 37. h5 Kf6 38. hxg6 hxg6 39. Rb6 Ke5
40. Nb5 Rc2+ 41. Kb4 Na6+ 42. Kb3 Rc6 43. Rxc6 bxc6 44. f4+ Kxf4 45. Nxd6 f6
46. Kc4 Kxg4 47. Ne8 Kf4 48. Kd4 f5 49. exf5 Kxf5 50. Nd6+ Kf4 51. Nf7 g5 52.
Ne5 c5+ 53. Kd5 g4 54. Nd3+ Ke3 55. Kc4 g3 56. Ne1 Ke2 57. Ng2 Kf2 58. Nh4 g2
0-1

[Event "4NCL/Div2/WGR3 vs. WRO"]
[Site "West Bromwich ENG"]
[Date "2005.04.30"]
[Round "9.3"]
[White "Woodward, Timothy"]
[Black "Burnett, Jim"]
[Result "1-0"]
[WhiteElo "2333"]
[BlackElo "2194"]
[PlyCount "85"]
[EventDate "2005.04.30"]
[SourceDate "2004.09.21"]

1. d4 d5 2. c4 e6 3. Nc3 c6 4. Nf3 Nf6 5. Bg5 dxc4 6. e4 b5 7. e5 h6 8. Bh4 g5
9. Nxg5 hxg5 10. Bxg5 Nbd7 11. g3 Bb7 12. Bg2 Qb6 13. exf6 O-O-O 14. O-O c5 15.
d5 b4 16. Rb1 Qa6 17. dxe6 Bxg2 18. e7 Bxf1 19. Kxf1 Bh6 20. exd8=Q+ Kxd8 21.
Bxh6 Rxh6 22. Nd5 c3+ 23. Kg1 Qe6 24. Nf4 Qxa2 25. bxc3 Rxf6 26. cxb4 Rd6 27.
Qf1 c4 28. Rc1 Ne5 29. Qg2 Qa3 30. Qa8+ Kd7 31. Qb7+ Kd8 32. Qb8+ Kd7 33. Qb7+
Kd8 34. Rf1 Qa6 35. Qa8+ Kd7 36. Re1 f6 37. Ng6 Rd3 38. Nxe5+ fxe5 39. b5 Qxb5
40. Qxa7+ Kd8 41. Qg7 Rd5 42. Ra1 Qc6 43. Ra8+ 1-0

[Event "4NCL/Div2/WGR3 vs. WRO"]
[Site "West Bromwich ENG"]
[Date "2005.04.30"]
[Round "9.4"]
[White "Adams, David M"]
[Black "Grant, Jonathan"]
[Result "1-0"]
[WhiteElo "2207"]
[BlackElo "2259"]
[PlyCount "75"]
[EventDate "2005.04.30"]
[SourceDate "2004.09.21"]

1. e4 c6 2. d4 d5 3. Nc3 dxe4 4. Nxe4 Bf5 5. Ng3 Bg6 6. h4 h6 7. Nf3 Nd7 8. h5
Bh7 9. Bd3 Bxd3 10. Qxd3 e6 11. Bf4 Ngf6 12. O-O-O Be7 13. Kb1 Qa5 14. Ne5 Rd8
15. Ne4 Nxe5 16. Bxe5 Nxe4 17. Qxe4 Bf6 18. Bxf6 gxf6 19. Rh3 Ke7 20. g4 Rhg8
21. Ra3 Qe5 22. Qd3 Qb8 23. f3 Rg5 24. Qe3 a6 25. Rad3 Rd7 26. c4 Qd8 27. f4
Rxg4 28. d5 f5 29. d6+ Kf8 30. Qe5 Kg8 31. Rh1 Kh7 32. a3 b6 33. c5 bxc5 34.
Rc1 Qh4 35. Qxc5 Rg2 36. Qxc6 Qd8 37. Qxg2 Rxd6 38. Rg1 1-0

[Event "4NCL/Div2/WGR3 vs. WRO"]
[Site "West Bromwich ENG"]
[Date "2005.04.30"]
[Round "9.5"]
[White "Gilbert, Jessie"]
[Black "Barrett, Steve J"]
[Result "1-0"]
[WhiteElo "2148"]
[BlackElo "2181"]
[PlyCount "107"]
[EventDate "2005.04.30"]
[SourceDate "2004.09.21"]

1. d4 Nf6 2. c4 g6 3. Nc3 Bg7 4. e4 d6 5. f3 O-O 6. Bg5 c5 7. d5 Qa5 8. Qd2 a6
9. a4 e6 10. Ra3 exd5 11. cxd5 Re8 12. Nge2 Nbd7 13. Nc1 Ne5 14. Be2 c4 15. O-O
Rb8 16. Be3 h5 17. Ba7 Ra8 18. Bd4 Bd7 19. h3 Rac8 20. Qe3 Qd8 21. f4 Nd3 22.
Nxd3 cxd3 23. Bxd3 b5 24. axb5 axb5 25. Rb3 b4 26. Bb6 Qe7 27. Rxb4 Rxc3 28.
bxc3 Nxd5 29. exd5 Qxe3+ 30. Bxe3 Rxe3 31. Rb8+ Kh7 32. Bb1 Bxc3 33. Rb7 Bd4
34. Kh1 Be8 35. f5 Kh6 36. f6 Be5 37. Re7 Bb5 38. Rd1 Bc4 39. Rxf7 Bxd5 40. Re7
Rxh3+ 41. Kg1 Bh2+ 42. Kf1 Bc4+ 43. Kf2 Rb3 44. Rc1 Bg3+ 45. Kg1 Rb2 46. Rg7 h4
47. Be4 d5 48. Rxg6+ Kh5 49. f7 Bf2+ 50. Kh1 Bc5 51. Rc6 Ba3 52. Bf3+ Kg5 53.
Re1 Rb7 54. Rxc4 1-0

[Event "4NCL/Div2/WGR3 vs. WRO"]
[Site "West Bromwich ENG"]
[Date "2005.04.30"]
[Round "9.6"]
[White "Cumbers, Paul"]
[Black "Maduekwe, Chiedu"]
[Result "1-0"]
[WhiteElo "2118"]
[BlackElo "2142"]
[PlyCount "57"]
[EventDate "2005.04.30"]
[SourceDate "2004.09.21"]

1. e4 c6 2. d4 d5 3. e5 Bf5 4. Be3 e6 5. Nf3 Nd7 6. Nbd2 f6 7. Be2 fxe5 8. Nxe5
Nxe5 9. dxe5 d4 10. Bf4 d3 11. cxd3 Qd4 12. Bg3 O-O-O 13. O-O Nh6 14. Qb3 Rd7
15. Nf3 Qd5 16. Qxd5 Rxd5 17. d4 Be7 18. Bf4 b5 19. a4 Kb7 20. axb5 cxb5 21.
Rfc1 Rhd8 22. Be3 Nf7 23. Nd2 Kb8 24. Bf3 Rxd4 25. Nb3 Ra4 26. Rxa4 bxa4 27.
Na5 Rd3 28. Nc6+ Kc7 29. Nxe7+ 1-0

[Event "4NCL/Div2/WGR3 vs. WRO"]
[Site "West Bromwich ENG"]
[Date "2005.04.30"]
[Round "9.7"]
[White "Cutmore, Martin J"]
[Black "Corke, Anya"]
[Result "1/2-1/2"]
[WhiteElo "2030"]
[BlackElo "2138"]
[PlyCount "89"]
[EventDate "2005.04.30"]
[SourceDate "2004.09.21"]

1. d4 d5 2. c4 c6 3. Nf3 Nf6 4. Nc3 dxc4 5. e4 b5 6. e5 Nd5 7. a4 Nxc3 8. bxc3
e6 9. axb5 cxb5 10. Ng5 Bb7 11. Qh5 g6 12. Qg4 Be7 13. Be2 Nd7 14. Bf3 h5 15.
Qg3 Qb6 16. O-O Bxg5 17. Bxg5 Bxf3 18. Qxf3 O-O 19. g4 hxg4 20. Qxg4 Kg7 21.
Rfe1 Rh8 22. d5 Rae8 23. Be3 Qd8 24. Rxa7 Rh5 25. f4 Reh8 26. dxe6 Rxh2 27.
Rxd7 Rh1+ 28. Kf2 R8h2+ 29. Kg3 Qa8 30. Rxf7+ Kh8 31. Re2 Rh3+ 32. Qxh3+ Rxh3+
33. Kxh3 Qf3+ 34. Kh4 Qh5+ 35. Kg3 Qxe2 36. Bd4 Kg8 37. Rd7 Qd3+ 38. Kg2 Qf5
39. Rd8+ Kh7 40. e7 Qg4+ 41. Kf1 Qxf4+ 42. Ke2 Qg4+ 43. Kf1 Qh3+ 44. Ke2 Qg4+
45. Kf1 1/2-1/2

[Event "4NCL/Div2/WGR3 vs. WRO"]
[Site "West Bromwich ENG"]
[Date "2005.04.30"]
[Round "9.8"]
[White "Taylor, Robert K"]
[Black "Kikoyo, Ali"]
[Result "0-1"]
[WhiteElo "2149"]
[BlackElo "2035"]
[PlyCount "78"]
[EventDate "2005.04.30"]
[SourceDate "2004.09.21"]

1. e4 e5 2. Nc3 Nc6 3. Nf3 Bb4 4. Bc4 Nf6 5. O-O O-O 6. Qe2 d6 7. h3 a6 8. d3
Bxc3 9. bxc3 h6 10. Kh2 d5 11. Bb3 Qd6 12. a4 Re8 13. Ba3 Qd7 14. Rfe1 Qd8 15.
Bb2 Be6 16. Nd2 Qd7 17. c4 d4 18. Nf3 Kh7 19. Rg1 g5 20. Rae1 g4 21. Nh4 Rg8
22. g3 Rg7 23. Bc1 Rag8 24. c5 gxh3 25. Bxe6 fxe6 26. f3 Ne7 27. Qd2 Rg5 28.
Qf2 Rf8 29. g4 Nxg4+ 30. Rxg4 Rxg4 31. Kxh3 Rg7 32. Qd2 Ng8 33. Re2 Rf6 34. Rg2
Qf7 35. Kh2 Rxg2+ 36. Qxg2 Qh5 37. Qg3 Rf7 38. Bd2 Rg7 39. Qh3 Ne7 0-1

[Event "4NCL/Div2/HKF1 vs. PYO"]
[Site "West Bromwich ENG"]
[Date "2005.04.30"]
[Round "9.1"]
[White "Arkell, Keith C"]
[Black "Martyn, Rafe"]
[Result "1-0"]
[WhiteElo "2492"]
[BlackElo "2302"]
[PlyCount "63"]
[EventDate "2005.04.30"]
[SourceDate "2004.09.21"]

1. d4 Nf6 2. Nf3 e6 3. c4 b6 4. Nc3 Bb4 5. Qb3 c5 6. a3 Ba5 7. Bg5 h6 8. Bf4
cxd4 9. Nxd4 d6 10. Bd2 e5 11. Nf3 O-O 12. Qc2 Bxc3 13. Bxc3 Qc7 14. e3 Be6 15.
Be2 Nbd7 16. O-O Rac8 17. Rfc1 Qb8 18. Nh4 Bxc4 19. Nf5 Bxe2 20. Ne7+ Kh8 21.
Nxc8 Bg4 22. Ne7 Nc5 23. b4 Nce4 24. Be1 Bd7 25. f3 Ng5 26. Qc7 Ne6 27. Qxb8
Rxb8 28. Bh4 g5 29. Bg3 Re8 30. Nf5 Nd8 31. Nxd6 Re6 32. Rc7 1-0

[Event "4NCL/Div2/HKF1 vs. PYO"]
[Site "West Bromwich ENG"]
[Date "2005.04.30"]
[Round "9.2"]
[White "Bigg, Andrew J"]
[Black "Wells, Peter K"]
[Result "1/2-1/2"]
[WhiteElo "2263"]
[BlackElo "2525"]
[PlyCount "117"]
[EventDate "2005.04.30"]
[SourceDate "2004.09.21"]

1. d4 Nf6 2. Bg5 e6 3. e4 h6 4. Bxf6 Qxf6 5. Nf3 d6 6. Nc3 g5 7. h3 Bg7 8. Qd2
a6 9. O-O-O Nc6 10. Bc4 Bd7 11. Rhe1 O-O-O 12. Qe2 Kb8 13. Kb1 Bc8 14. e5 dxe5
15. dxe5 Rxd1+ 16. Nxd1 Qe7 17. c3 Rd8 18. Qe4 Qc5 19. b4 Qe7 20. a3 f5 21.
exf6 Qxf6 22. Qc2 a5 23. b5 Ne7 24. Nd2 Nd5 25. Ne4 Qe7 26. Kb2 Nb6 27. Ne3 a4
28. Qe2 Nd5 29. g3 Nxe3 30. Qxe3 Bf8 31. Ra1 b6 32. Bd3 Rd5 33. c4 Rd4 34. Kc2
Bg7 35. Ra2 e5 36. Nc3 Be6 37. Ne2 Rxc4+ 38. Bxc4 Bxc4 39. Nd4 Qd7 40. Nc6+ Ka8
41. Qe4 Qd5 42. Qxd5 Bxd5 43. Rb2 Bf8 44. Kc3 Bxa3 45. Re2 Bd6 46. Nxe5 a3 47.
Nc4 Bc5 48. f4 gxf4 49. gxf4 Kb7 50. f5 c6 51. Rd2 a2 52. bxc6+ Kc7 53. Rxa2 b5
54. Ra8 Bxc4 55. Rh8 Kxc6 56. f6 Kd6 57. Rxh6 Bf7 58. Rh4 Ke5 59. Rb4 1/2-1/2

[Event "4NCL/Div2/HKF1 vs. PYO"]
[Site "West Bromwich ENG"]
[Date "2005.04.30"]
[Round "9.3"]
[White "Berzinsh, Roland"]
[Black "Dorrington, Christopher"]
[Result "1/2-1/2"]
[WhiteElo "2457"]
[BlackElo "2194"]
[PlyCount "103"]
[EventDate "2005.04.30"]
[SourceDate "2004.09.21"]

1. e4 c5 2. Nc3 e6 3. Nf3 Nc6 4. d4 cxd4 5. Nxd4 Qc7 6. Be3 a6 7. Be2 b5 8.
Nxc6 Qxc6 9. e5 Bb7 10. Bf3 Qc7 11. O-O Ne7 12. a4 b4 13. Ne4 Ng6 14. Nd6+ Bxd6
15. exd6 Qc8 16. a5 O-O 17. Ra4 Rb8 18. Bb6 Bxf3 19. Qxf3 Qxc2 20. Rxb4 Rfc8
21. Qa3 Rc4 22. Rxc4 Qxc4 23. b3 Qd5 24. Qc1 Ra8 25. f3 Qxb3 26. Qc7 Qb5 27.
Qc2 f6 28. Rb1 Qd5 29. Rd1 Qb5 30. Qe4 Rc8 31. Rb1 Qc6 32. Qxc6 Rxc6 33. Bc7
Kf7 34. Rb6 Ne5 35. f4 Rc1+ 36. Kf2 Nd3+ 37. Ke3 Nc5 38. Rb8 e5 39. f5 Rc3+ 40.
Kd2 Rb3 41. Rd8 Rd3+ 42. Ke2 e4 43. Bb6 Na4 44. Rxd7+ Kf8 45. Rd8+ Kf7 46. Rd7+
Kf8 47. g4 Nc3+ 48. Kf2 Rd2+ 49. Kg3 Rd3+ 50. Kf2 Rd2+ 51. Kg3 Rd3+ 52. Kf2
1/2-1/2

[Event "4NCL/Div2/HKF1 vs. PYO"]
[Site "West Bromwich ENG"]
[Date "2005.04.30"]
[Round "9.4"]
[White "Player, Edmund C"]
[Black "Prie, Eric"]
[Result "0-1"]
[WhiteElo "2143"]
[BlackElo "2447"]
[PlyCount "70"]
[EventDate "2005.04.30"]
[SourceDate "2004.09.21"]

1. e4 d5 2. exd5 Qxd5 3. Nc3 Qa5 4. d4 Nf6 5. Nf3 c6 6. Bc4 Bf5 7. O-O e6 8.
Bd2 Qc7 9. Ne2 Bd6 10. Ng3 Bg6 11. Re1 Nbd7 12. Bb3 O-O-O 13. Qe2 h5 14. Bg5
Bf4 15. Bxf4 Qxf4 16. Nf1 h4 17. h3 Bh5 18. N1d2 g5 19. Qe3 Qxe3 20. Rxe3 Rhg8
21. Nc4 Kc7 22. Nce5 Nb6 23. c4 Nc8 24. Rd1 Ne7 25. Bc2 g4 26. hxg4 Nxg4 27.
Nxg4 Rxg4 28. Re4 Rxe4 29. Bxe4 f5 30. Bc2 Bxf3 31. gxf3 Ng6 32. d5 cxd5 33.
cxd5 Rxd5 34. Rxd5 exd5 35. Bxf5 Nf4 0-1

[Event "4NCL/Div2/HKF1 vs. PYO"]
[Site "West Bromwich ENG"]
[Date "2005.04.30"]
[Round "9.5"]
[White "Crouch, Colin"]
[Black "Eckersley-Waites, Tom"]
[Result "0-1"]
[WhiteElo "2371"]
[BlackElo "2115"]
[PlyCount "168"]
[EventDate "2005.04.30"]
[SourceDate "2004.09.21"]

1. d4 d5 2. Nf3 Nf6 3. c4 dxc4 4. e3 e6 5. Bxc4 c5 6. O-O a6 7. dxc5 Qxd1 8.
Rxd1 Bxc5 9. b3 b5 10. Be2 Bb7 11. Bb2 Nbd7 12. Nbd2 O-O 13. a4 bxa4 14. bxa4
Rfd8 15. Rac1 Bc6 16. Bxf6 gxf6 17. Nf1 Bxa4 18. Rxd7 Rxd7 19. Rxc5 Bd1 20. Bc4
Bxf3 21. gxf3 a5 22. Ng3 a4 23. Ne4 Rd1+ 24. Kg2 Rc1 25. Nxf6+ Kg7 26. Nd7 a3
27. Rg5+ Kh8 28. Ne5 Ra7 29. Rg4 f5 30. Rd4 Rxc4 31. Rxc4 a2 32. Rc1 a1=Q 33.
Rxa1 Rxa1 34. f4 Kg7 35. Nf3 Kf6 36. Ne5 Ke7 37. Nf3 Kd6 38. Ng5 h6 39. Nf7+
Ke7 40. Ne5 Rb1 41. Nf3 Kd6 42. Ne5 Kd5 43. Kf3 Rg1 44. Nf7 Rg6 45. Ne5 Rg7 46.
Nd3 h5 47. Ne5 h4 48. h3 Kc5 49. Ke2 Rg1 50. Nf3 Rh1 51. Nxh4 Rxh3 52. Nf3 Kd5
53. Ng5 Rh1 54. Nf7 Ra1 55. Kf3 Kc4 56. Ng5 Ra6 57. Ke2 Kc3 58. Nf3 Ra2+ 59.
Kf1 Kd3 60. Ng5 Ra6 61. Kg2 Ke2 62. Nf3 Rd6 63. Ng1+ Kd1 64. Nf3 Rd8 65. Ng5
Rg8 66. Kf3 Rg6 67. e4 Kd2 68. e5 Kd3 69. Kg3 Kd4 70. Kf3 Kd3 71. Kg3 Ke2 72.
Kg2 Rg8 73. Kg3 Kf1 74. Kf3 Rg6 75. Ke3 Kg2 76. Nf3 Kh3 77. Nd4 Kg4 78. Ne2 Rg8
79. Nd4 Re8 80. Ne2 Ra8 81. f3+ Kh3 82. Kf2 Ra4 83. Ke3 Ra3+ 84. Kd4 Kg2 0-1

[Event "4NCL/Div2/HKF1 vs. PYO"]
[Site "West Bromwich ENG"]
[Date "2005.04.30"]
[Round "9.6"]
[White "Poobalasingam, Peter S"]
[Black "Houska, Jovanka"]
[Result "0-1"]
[WhiteElo "2031"]
[BlackElo "2334"]
[PlyCount "134"]
[EventDate "2005.04.30"]
[SourceDate "2004.09.21"]

1. d4 d5 2. c4 c6 3. Nf3 Nf6 4. Nc3 e6 5. e3 Nbd7 6. Bd3 dxc4 7. Bxc4 b5 8. Bd3
Bb7 9. O-O b4 10. Ne2 c5 11. Ng3 Be7 12. b3 cxd4 13. Nxd4 O-O 14. Bb2 Qa5 15.
Bb5 Rfd8 16. Bc6 Qb6 17. Bxb7 Qxb7 18. Qe2 a5 19. Rac1 Rac8 20. e4 Nc5 21. e5
Nd5 22. Nh5 g6 23. Nf6+ Kh8 24. f4 Qb6 25. Kh1 Nc3 26. Qe3 Nd7 27. Ne4 Nxe4 28.
Qxe4 Nc5 29. Qf3 a4 30. Rc4 a3 31. Ba1 Nb7 32. Rxc8 Rxc8 33. g4 Bc5 34. f5 exf5
35. Nxf5 gxf5 36. e6+ Kg8 37. exf7+ Kf8 38. Qxf5 Qc6+ 39. Rf3 Rd8 40. Bg7+ Kxg7
41. Qg5+ Kf8 42. Qg8+ Ke7 43. f8=Q+ Rxf8 44. Qxf8+ Kd7 45. Qf5+ Kd8 46. Kg2 Nd6
47. Qxh7 Ne4 48. g5 Qd5 49. Qh8+ Kd7 50. Qh7+ Kc6 51. Qf5 Qd2+ 52. Kh1 Nf2+ 53.
Kg2 Ne4+ 54. Kh1 Nd6 55. Qb1 Qxg5 56. Qf1 Kb6 57. Qg2 Qe5 58. Rf8 Qa1+ 59. Rf1
Qe5 60. Rf8 Qe7 61. Rf4 Qe5 62. Rf8 Ne4 63. Rf7 Qa1+ 64. Rf1 Qd4 65. Qg6+ Ka5
66. Qf5 Nf2+ 67. Kg2 Ng4 0-1

[Event "4NCL/Div2/HKF1 vs. PYO"]
[Site "West Bromwich ENG"]
[Date "2005.04.30"]
[Round "9.7"]
[White "Greet, Andrew N"]
[Black "Hulley, John"]
[Result "1-0"]
[WhiteElo "2403"]
[BlackElo "2005"]
[PlyCount "63"]
[EventDate "2005.04.30"]
[SourceDate "2004.09.21"]

1. e4 c5 2. Nf3 d6 3. Bb5+ Bd7 4. Bxd7+ Qxd7 5. c4 Nf6 6. Nc3 g6 7. d4 cxd4 8.
Nxd4 Bg7 9. f3 Nc6 10. Nde2 O-O 11. O-O a6 12. a4 a5 13. Bg5 Qd8 14. b3 Nb4 15.
Qd2 Nd7 16. Rab1 Rc8 17. Nb5 Nc5 18. Kh1 Qd7 19. Rfd1 Rfd8 20. Qe3 Ne6 21. Bh4
Rc5 22. Nec3 Nc7 23. Nxd6 Qc6 24. Nd5 Nbxd5 25. exd5 Nxd5 26. cxd5 Rxd5 27.
Rxd5 Qxd5 28. Nb5 Qf5 29. Re1 Rd3 30. Qxe7 Rxb3 31. Qd8+ Bf8 32. Be7 1-0